Dominanteste Berge in Deutschland - Statistiken

Allgemein
  • Dieses Quiz wurde 99 mal gespielt
  • Das Durchschnittsergebnis liegt bei 3 aus 16
Antwortstatistiken
Bundesland Dominanzreichweite Berg % Korrekt
Sachsen-Anhalt 223,1 km Brocken
90%
Baden-Württemberg 97,3 km Feldberg
67%
Bayern 146,5 km Großer Arber
36%
Hessen 101,5 km Großer Feldberg
16%
Nordrhein-Westfalen 116,0 km Langenberg
16%
Thüringen 103,2 km Großer Beerberg
14%
Schleswig-Holstein 127,0 km Bungsberg
12%
Rheinland-Pfalz 111,6 km Erbeskopf
12%
Bayern 80,5 km Schneeberg
12%
Baden-Württemberg 71,5 km Katzenbuckel
6%
Niedersachsen 94,8 km Wilseder Berg
5%
Mecklenburg-Vorpommern 124,9 km Helpter Berge
2%
Brandenburg 71,5 km Hagelberg
0%
Mecklenburg-Vorpommern 109,4 km Piekberg
0%
Schleswig-Holstein 87,9 km Pinneberg
0%
Mecklenburg-Vorpommern 115,3 km Ruhner Berge
0%
Keine übereinstimmenden Quizze gefunden
Verteilung der Resultate
Anzahl Personen mit jedem Resultat
Perzentil nach korrekt beantworteten Fragen
Ihre Resultats-Entwicklung
Sie haben dieses Quiz noch nicht gespielt